| 000 | 00822cam a2200241 4500 | ||
|---|---|---|---|
| 008 | 090401t1997 xxu||||| |||| 00| 0 eng d | ||
| 020 | _a0419202803 | ||
| 035 | _a(Sirsi) u77446 | ||
| 041 | _aeng | ||
| 050 | _a693.54 | ||
| 100 | _aPerkins, P. | ||
| 245 | _aRepair, protection and waterproofing of concrete structures | ||
| 250 | _a3rd ed. | ||
| 260 |
_aLondon _bE & F N Spon _c1997 |
||
| 300 | _axix,233p. ;: ill. ; 24cm. | ||
| 350 | _a50 | ||
| 520 | _aBrings together the fundamental aspects of the deterioration of reinforced concrete structures, and offers advice on how investigations, diagnosis and consequent remedial work should be carried out. | ||
| 650 | _aCONCRETE REPAIR | ||
| 650 | _aREINFORCED CONCRETE | ||
| 690 | _aBUILT ENVIRONMENT-BUILDING MATERIALS | ||
| 942 | _n0 | ||
| 948 | _c27/03/1997 | ||
| 999 |
_c96308 _d96308 |
||